Länder anhand von Kurzgedichten erraten - Statistiken

Allgemein
  • Dieses Quiz wurde 383 mal gespielt
  • Das Durchschnittsergebnis liegt bei 11 aus 18
Antwortstatistiken
Hinweis Land % Korrekt
Es ist ein Land im hohen Norden,durchzogen von sehr vielen Fjorden, große Wintersportnation, König Harald auf dem Thron. Norwegen
99%
Von Florida bis Idaho:hier regiert der Biden Joe. Vereinigte Staaten
99%
Es kommen und gehen Premierminister – mal 'ne Lady, mal ein Mister –, statt "warum" sagt man hier "why" und zur EU sagt man Goodbye. Vereinigtes Königreich
96%
Dieser Staat liegt ganz in Rom –Wahrzeichen: der Petersdom. Vatikanstadt
95%
Neutralität hat man hier gern,EU und NATO bleibt man fern. Hier gibt's Franken und auch Rappen und ein weißes Kreuz im Wappen. Schweiz
94%
Dieses fernöstliche Landist uns ein Mysterium, doch diese Sache ist bekannt: Nach Kim Jong-il kam Kim Jong-un. Nordkorea
91%
Der Inselstaat ist sehr bekanntals Zigarrenlieferant, doch Armut, Hunger, Repression bewegen zur Emigration. Kuba
82%
Gesucht ist nicht Brasilienund auch nicht Argentinien. Das Land jedoch beide berührt, dabei kein A im Namen führt. Bolivien
79%
Mit der sogenannten "Wende"kam für dieses Land das Ende. Man hat es feierlich begossen und sich dem Westen angeschlossen. Deutsche Demokratische Republik
78%
Das Land ist wirklich sehr, sehr klein, kleiner noch als Liechtenstein, das dichtbesiedeltste auf Erden, wo Frauen über 90 werden. Monaco
72%
Willkommen im größten Binnenstaat,den dieser Planet zu bieten hat. Hier scheint man ein schönes Hobby zu kennen: die Hauptstadt ab und zu umzubenennen. Kasachstan
59%
Jeder Pfiffikus, der hat eshöchstwahrscheinlich schon gecheckt: Der Name dieses Küstenstaates noch in drei weit'ren Ländern steckt. Guinea
37%
Das Land einst Obervolta hieß,weil hierdurch die Volta fließt. Burkina Faso
25%
Wer nach Rot-Weiß ist verrücktund auf Zickzack-Muster steht, der ist ganz bestimmt entzückt, wenn draußen diese Flagge weht. Bahrain
23%
Gegründet achtzehn siebenundvierzig,wer an Eurasien denkt, der irrt sich, es hat – zur Überraschung aller – als Präsident 'nen Weltfußballer. Liberia
16%
"URU"-Länder gibt es drei:nämlich NaURU, URUguay, ... das dritte müssten Sie auch kennen und es nun beim Namen nennen. Burundi
15%
Hier war bis 2008König Gyanendra an der Macht, dann wurde durch des Volkes Kraft die Monarchie ganz abgeschafft. Nepal
11%
Die Flagge des gesuchten Landesist altvertraut in Friedenszeiten, jedoch im Fall des Kriegszustandes wechseln Rot und Blau die Seiten. Philippinen
4%
Keine übereinstimmenden Quizze gefunden
Verteilung der Resultate
Anzahl Personen mit jedem Resultat
Perzentil nach korrekt beantworteten Fragen
Ihre Resultats-Entwicklung
Sie haben dieses Quiz noch nicht gespielt